[Event "Titled Tuesday intern op 12th Mar Early"]
[Site "Chess.com INT"]
[Date "2024.03.12"]
[Round "4"]
[White "Vlassov, Nikolai"]
[Black "La Villa Rivas, Marlon Javier"]
[Result "1-0"]
[WhiteElo "2299"]
[BlackElo "2237"]
[PlyCount "55"]
[EventDate "2024.03.12"]
[EventType "swiss (blitz)"]
[EventRounds "11"]
[EventCountry "USA"]
[SourceTitle "CB12_2024"]
[SourceDate "2023.10.01"]
[SourceVersion "1"]
[SourceVersionDate "2023.10.01"]
[SourceQuality "1"]

1. e4 c5 2. c3 Nf6 3. e5 Nd5 4. d4 cxd4 5. cxd4 d6 6. Bc4 Nb6 7. Bb3 Nc6 8. e6 fxe6 9. Nf3 Bd7 10. Nc3 Nd5 11. 0-0 Nxc3 12. bxc3 Qc7 13. Ng5 d5 14. Qf3 0-0-0 15. Nf7 Rg8 16. Nxd8 Qxd8 17. Qf7 Rh8 18. Re1 g6 19. Bg5 h6 20. Bh4 g5 21. Bg3 h5 22. h4 Bh6 23. Ba4 gxh4 24. Bxh4 Rg8 25. Bxc6 bxc6 26. Rab1 Bf4 27. Qxf4 Rg4 28. Qb8# 1-0

[Event "Titled Tuesday intern op 16th Jan Late"]
[Site "Chess.com INT"]
[Date "2024.01.16"]
[Round "5"]
[White "German, Sergio"]
[Black "La Villa Rivas, Marlon Javier"]
[Result "0-1"]
[WhiteElo "2300"]
[BlackElo "2237"]
[PlyCount "60"]
[EventDate "2024.01.16"]
[EventType "swiss (blitz)"]
[EventRounds "11"]
[EventCountry "USA"]
[SourceTitle "CB04_2024"]
[SourceDate "2023.10.16"]
[SourceVersion "1"]
[SourceVersionDate "2023.10.16"]
[SourceQuality "1"]

1. e4 c5 2. Nf3 d6 3. Bb5+ Bd7 4. Bxd7+ Qxd7 5. 0-0 Nc6 6. c3 e5 7. d4 cxd4 8. cxd4 Nf6 9. Nc3 Be7 10. Bg5 0-0 11. dxe5 dxe5 12. Qxd7 Nxd7 13. Bxe7 Nxe7 14. Rfd1 Rfd8 15. Rd2 Nc6 16. Rad1 Nc5 17. Rxd8+ Rxd8 18. Rxd8+ Nxd8 19. Nxe5 f6 20. Nc4 Kf7 21. Kf1 Ke6 22. Ke2 a6 23. Ke3 Nc6 24. f4 b5 25. f5+ Kd7 26. Nb6+ Kd6 27. Nbd5 Ne5 28. Kd4 Ncd3 29. b4 Ne1 30. Ne3 Nc6# 0-1

[Event "Titled Tuesday intern op 09th Jan Early"]
[Site "Chess.com INT"]
[Date "2024.01.09"]
[Round "3"]
[White "La Villa Rivas, Marlon Javier"]
[Black "Viana, Valeria"]
[Result "0-1"]
[WhiteElo "2237"]
[BlackElo "1792"]
[PlyCount "54"]
[EventDate "2024.01.09"]
[EventType "swiss (blitz)"]
[EventRounds "11"]
[EventCountry "USA"]
[SourceTitle "CB03_2024"]
[SourceDate "2024.01.17"]
[SourceVersion "1"]
[SourceVersionDate "2024.01.17"]
[SourceQuality "1"]

1. e4 c6 2. c4 d5 3. cxd5 cxd5 4. exd5 Qxd5 5. Nc3 Qa5 6. d4 Nf6 7. h3 e6 8. Nf3 Nc6 9. Bd3 Be7 10. 0-0 0-0 11. a3 a6 12. Bg5 h6 13. Bf4 Qd8 14. Bc2 Bd6 15. Ne5 Qc7 16. Re1 b5 17. Qf3 Bb7 18. Qg3 Kh8 19. Rad1 Rad8 20. Qh4 Ng8 21. Ne4 Nxd4 22. Nxd6 Rxd6 23. Nxf7+ Qxf7 24. Bxd6 Nxc2 25. Bxf8 Nxe1 26. Bxg7+ Qxg7 27. Rxe1 Qxg2# 0-1

[Event "Titled Tuesday intern op 12th Dec Early"]
[Site "Chess.com INT"]
[Date "2023.12.12"]
[Round "3"]
[White "La Villa Rivas, Marlon Javier"]
[Black "Reinecke, Katharina"]
[Result "0-1"]
[WhiteElo "2202"]
[BlackElo "1884"]
[PlyCount "80"]
[EventDate "2023.12.12"]
[EventType "swiss (blitz)"]
[EventRounds "11"]
[EventCountry "USA"]
[SourceTitle "CB51_2023"]
[SourceDate "2023.12.20"]
[SourceVersion "1"]
[SourceVersionDate "2023.12.20"]
[SourceQuality "1"]

1. e4 c6 2. c4 d5 3. cxd5 cxd5 4. exd5 Nf6 5. Qa4+ Nbd7 6. Nc3 g6 7. Nf3 Bg7 8. Bc4 0-0 9. 0-0 Nb6 10. Qb3 Nxc4 11. Qxc4 b6 12. d4 Bb7 13. Bg5 Nxd5 14. Rfe1 Rc8 15. Qd3 Bf6 16. Bh6 Re8 17. Ne4 Bh8 18. Nfg5 e6 19. Qh3 Nf4 20. Qg4 Bxe4 21. Nxe4 Nh5 22. Rad1 f5 23. Qh3 fxe4 24. Rxe4 Qd7 25. Rde1 Rc6 26. Bg5 Qf7 27. g4 Ng7 28. Rf4 Qd7 29. Bf6 Rf8 30. g5 Ne8 31. Bxh8 Rxf4 32. Be5 Rf7 33. Re4 Rf5 34. Rh4 Qf7 35. Qg2 Rc1+ 36. Qf1 Rxf1+ 37. Kxf1 Rxf2+ 38. Ke1 Rf1+ 39. Kd2 Qf2+ 40. Kc3 Qxh4 0-1

[Event "Titled Tuesday intern op 12th Dec Early"]
[Site "Chess.com INT"]
[Date "2023.12.12"]
[Round "2"]
[White "Manukian, Artak"]
[Black "La Villa Rivas, Marlon Javier"]
[Result "1-0"]
[WhiteElo "2196"]
[BlackElo "2202"]
[PlyCount "77"]
[EventDate "2023.12.12"]
[EventType "swiss (blitz)"]
[EventRounds "11"]
[EventCountry "USA"]
[SourceTitle "CB51_2023"]
[SourceDate "2023.12.20"]
[SourceVersion "1"]
[SourceVersionDate "2023.12.20"]
[SourceQuality "1"]

1. e4 e6 2. d4 d5 3. e5 c5 4. c3 Bd7 5. Nf3 Qb6 6. a3 cxd4 7. cxd4 Bb5 8. Bxb5+ Qxb5 9. Nc3 Qa6 10. b4 Bxb4 11. axb4 Qxa1 12. Nb5 Na6 13. Nd6+ Kf8 14. 0-0 Nh6 15. Ng5 Nxb4 16. Ngxf7 Qc3 17. Nxh6 gxh6 18. Bxh6+ Ke7 19. Qh5 Rag8 20. Qf7+ Kd8 21. Nxb7+ Kc8 22. Nd6+ Kd8 23. Bg5+ Rxg5 24. Qf6+ Kc7 25. Qxg5 Kb6 26. Qe7 Qc7 27. Qxe6 Qc6 28. Rb1 a5 29. Qh3 Rf8 30. Qe3 Qc2 31. Rf1 Rg8 32. e6 Qg6 33. g3 Nc6 34. Nf7 Ne7 35. Qb3+ Ka6 36. Ne5 Qxe6 37. Rb1 a4 38. Qb7+ Ka5 39. Rb5# 1-0

[Event "Titled Tuesday intern op 26th Sep Early"]
[Site "Chess.com INT"]
[Date "2023.09.26"]
[Round "8"]
[White "La Villa Rivas, Marlon Javier"]
[Black "Turzo, Attila"]
[Result "1-0"]
[WhiteElo "2202"]
[BlackElo "2279"]
[PlyCount "125"]
[EventDate "2023.09.26"]
[EventType "swiss (blitz)"]
[EventRounds "11"]
[EventCountry "USA"]
[SourceTitle "EXT 2024"]
[Source "ChessBase"]
[SourceDate "2023.10.10"]
[SourceVersion "1"]
[SourceVersionDate "2023.10.10"]
[SourceQuality "1"]

1. e4 c5 2. Nf3 Nc6 3. Bb5 g6 4. Bxc6 dxc6 5. d3 Bg7 6. Nc3 e5 7. h3 Qe7 8. Be3 Nf6 9. Qd2 h6 10. 0-0-0 Nd7 11. g4 Nf8 12. Ne2 Ne6 13. h4 Nd4 14. Bxd4 cxd4 15. g5 hxg5 16. hxg5 Be6 17. Rxh8+ Bxh8 18. Rh1 0-0-0 19. Ng3 Kb8 20. Qa5 b6 21. Qa4 Bg4 22. Nd2 c5 23. Qc4 Be6 24. Qb5 Qxg5 25. a4 Qe7 26. a5 Qc7 27. Nc4 Bxc4 28. Qxc4 Bf6 29. Nf1 Bg5+ 30. Kb1 f5 31. Qe6 Qd6 32. exf5 gxf5 33. Qxf5 Bf4 34. Ng3 Bxg3 35. fxg3 bxa5 36. Rh7 Rf8 37. Qe4 Rf1+ 38. Ka2 Qe6+ 39. b3 Rf7 40. Rxf7 Qxf7 41. Qxe5+ Kb7 42. Qxc5 Qf2 43. Kb2 Qxg3 44. Qb5+ Kc8 45. Qxa5 Qd6 46. Qxa7 Qb4 47. Qa6+ Kd8 48. Qf6+ Ke8 49. Qe6+ Kd8 50. Qd5+ Ke8 51. Qc6+ Kd8 52. Qc4 Qb6 53. b4 Kd7 54. b5 Kd6 55. Kb3 Qa7 56. Kb4 Qa1 57. b6 Qb2+ 58. Qb3 Qa1 59. Kc4 Kc6 60. Qb5+ Kb7 61. Kd5 Qc3 62. Qc4 Qb2 63. Qxd4 1-0

[Event "Titled Tuesday intern op 05th Sep Late"]
[Site "Chess.com INT"]
[Date "2023.09.05"]
[Round "1"]
[White "La Villa Rivas, Marlon Javier"]
[Black "Golubev, Mikhail"]
[Result "0-1"]
[WhiteElo "2202"]
[BlackElo "2461"]
[PlyCount "178"]
[EventDate "2023.09.05"]
[EventType "swiss (blitz)"]
[EventRounds "11"]
[EventCountry "USA"]
[SourceTitle "EXT 2024"]
[Source "ChessBase"]
[SourceDate "2023.10.10"]
[SourceVersion "1"]
[SourceVersionDate "2023.10.10"]
[SourceQuality "1"]

1. e4 c5 2. Nf3 d6 3. d4 cxd4 4. Nxd4 Nf6 5. Nc3 g6 6. Be3 Bg7 7. f3 0-0 8. Qd2 Nc6 9. Bc4 Bd7 10. h4 Ne5 11. Bb3 Rc8 12. 0-0-0 h5 13. Bg5 Nc4 14. Bxc4 Rxc4 15. Nde2 Be6 16. e5 Ne8 17. exd6 Nxd6 18. Bxe7 Qxe7 19. Qxd6 Qf6 20. Rd3 Rfc8 21. Rhd1 b5 22. a3 a5 23. Rd4 b4 24. Rxc4 Rxc4 25. Qd8+ Qxd8 26. Rxd8+ Kh7 27. axb4 axb4 28. Ne4 Bh6+ 29. Kd1 Kg7 30. c3 bxc3 31. bxc3 Ra4 32. Kc2 Bc4 33. Nd4 Ra2+ 34. Kb1 Rxg2 35. Nd6 Bd3+ 36. Ka1 Bc1 37. Rb8 Bf4 38. Ne8+ Kh6 39. Ra8 Bc4 40. Nf6 Be5 41. Ne4 Rh2 42. Ra5 Bxd4 43. cxd4 Rxh4 44. Rc5 Be6 45. d5 Bf5 46. d6 Rh1+ 47. Kb2 Rd1 48. Rc7 Bxe4 49. fxe4 Rxd6 50. Rxf7 Kg5 51. Kc3 h4 52. Rf2 h3 53. e5 Rd5 54. e6 Re5 55. Rf3 Kg4 56. Rf6 Kg5 57. Rf3 Kh4 58. Rf6 g5 59. Kd4 Re1 60. Rh6+ Kg3 61. Kd5 g4 62. Kd6 h2 63. e7 Rd1+ 64. Ke6 Re1+ 65. Kf7 Kg2 66. e8Q Rxe8 67. Kxe8 h1Q 68. Rxh1 Kxh1 69. Kf7 g3 70. Kf6 g2 71. Kf5 g1Q 72. Kf4 Qf1+ 73. Ke4 Qg2+ 74. Ke5 Qh2+ 75. Kf6 Qh5 76. Ke6 Qg5 77. Kd6 Qf5 78. Kc6 Qe5 79. Kd7 Qf6 80. Kc7 Qe6 81. Kb7 Qd6 82. Ka7 Qc6 83. Kb8 Qd7 84. Ka8 Kg2 85. Kb8 Kf3 86. Ka8 Ke4 87. Kb8 Kd5 88. Ka8 Kc6 89. Kb8 Qb7# 0-1

[Event "Titled Tuesday intern op 18th Jul Early"]
[Site "Chess.com INT"]
[Date "2023.07.18"]
[Round "7"]
[White "La Villa Rivas, Marlon Javier"]
[Black "Parfenov, Viktor N"]
[Result "1-0"]
[WhiteElo "2202"]
[BlackElo "2193"]
[PlyCount "149"]
[EventDate "2023.07.18"]
[EventType "swiss (blitz)"]
[EventRounds "11"]
[EventCountry "USA"]
[SourceTitle "EXT 2024"]
[Source "ChessBase"]
[SourceDate "2023.10.10"]
[SourceVersion "1"]
[SourceVersionDate "2023.10.10"]
[SourceQuality "1"]

1. e4 c5 2. Nf3 d6 3. d4 cxd4 4. Nxd4 Nf6 5. Nc3 a6 6. Bg5 e6 7. f4 h6 8. Bh4 Qb6 9. Qd3 Qxb2 10. Rb1 Qa3 11. f5 Be7 12. fxe6 fxe6 13. Be2 Qc5 14. Bf2 Qa5 15. 0-0 Nc6 16. Nxc6 bxc6 17. e5 Qxe5 18. Qg6+ Kd7 19. Na4 Qxe2 20. Nb6+ Kd8 21. Nxa8 c5 22. Bxc5 dxc5 23. Rfd1+ Nd5 24. c4 Qxc4 25. Nb6 Qxa2 26. Nxc8 Bf6 27. Nd6 Kc7 28. Ne4 Bd4+ 29. Kh1 Rf8 30. Qxe6 Rd8 31. Qf7+ Rd7 32. Rb7+ Kxb7 33. Qxd7+ Nc7 34. Nd6+ Kb6 35. Nc8+ Kb7 36. Nd6+ Kb6 37. Qc8 Nb5 38. Qb7+ Ka5 39. Nxb5 Qb3 40. Ra1+ Bxa1 41. Qc7+ Kxb5 42. Qb7+ Kc4 43. Qxa6+ Kd5 44. Qxa1 c4 45. h3 c3 46. Qa5+ Kc4 47. Qc7+ Kd3 48. Qd6+ Ke2 49. Qe7+ Kd3 50. Qd7+ Ke2 51. Qxg7 c2 52. Qe5+ Kd1 53. Qd4+ Ke2 54. Qe4+ Kd2 55. Qd4+ Qd3 56. Qb4+ Kd1 57. Qa4 Ke1 58. Qb4+ Qd2 59. Qe4+ Kd1 60. Qg4+ Qe2 61. Qa4 Ke1 62. Qb4+ Kf1 63. Qf4+ Qf2 64. Qc1+ Qe1 65. Qxc2 Qe3 66. Qf5+ Ke2 67. Kh2 Kd2 68. Qd5+ Ke2 69. Qc4+ Kf2 70. Qa2+ Kf1 71. Qb1+ Ke2 72. Qc2+ Ke1 73. Qf5 Ke2 74. Qg4+ Kf2 75. Qh4+ 1-0

[Event "Titled Tuesday intern op 18th Jul Early"]
[Site "Chess.com INT"]
[Date "2023.07.18"]
[Round "2"]
[White "Tomaszewski, Kacper"]
[Black "La Villa Rivas, Marlon Javier"]
[Result "1-0"]
[WhiteElo "2353"]
[BlackElo "2202"]
[PlyCount "109"]
[EventDate "2023.07.18"]
[EventType "swiss (blitz)"]
[EventRounds "11"]
[EventCountry "USA"]
[SourceTitle "EXT 2024"]
[Source "ChessBase"]
[SourceDate "2023.10.10"]
[SourceVersion "1"]
[SourceVersionDate "2023.10.10"]
[SourceQuality "1"]

1. d4 Nf6 2. Nf3 c5 3. c3 cxd4 4. cxd4 d5 5. Nc3 Nc6 6. Bf4 a6 7. e3 Bf5 8. Qb3 b5 9. Ne5 Na5 10. Qd1 e6 11. Be2 Bd6 12. 0-0 0-0 13. g4 Bg6 14. f3 Nc4 15. b3 Na5 16. Qd2 Rc8 17. Qb2 Qe7 18. a3 b4 19. axb4 Bxb4 20. Rfc1 Rb8 21. Rxa5 Bxa5 22. Nc6 Qb7 23. Nxa5 Qb4 24. Bxb8 Qxa5 25. Bf4 h5 26. g5 Nh7 27. Na4 f6 28. Qc3 Qd8 29. gxf6 Qxf6 30. Nc5 Ng5 31. Nd7 Nh3+ 32. Kf1 Qh4 33. Bg3 Qg5 34. Nxf8 Kxf8 35. Qc8+ Be8 36. Qxe6 h4 37. Qxh3 hxg3 38. Qxg3 Qxe3 39. Rc7 Qxd4 40. Qd6+ Kg8 41. Qe6+ Kh7 42. Qf5+ Bg6 43. Qh3+ Kg8 44. Rc8+ Kf7 45. Qd7+ Kf6 46. Rc6+ Kg5 47. Qg4+ Qxg4 48. fxg4 d4 49. Rd6 d3 50. Rxd3 Bxd3 51. Bxd3 Kxg4 52. Bxa6 Kh3 53. Kg1 g5 54. b4 g4 55. b5 1-0

[Event "Titled Tuesday intern op 11th Jul Early"]
[Site "Chess.com INT"]
[Date "2023.07.11"]
[Round "6"]
[White "Morkunas, Gustas"]
[Black "La Villa Rivas, Marlon Javier"]
[Result "1-0"]
[WhiteElo "2074"]
[BlackElo "2202"]
[PlyCount "69"]
[EventDate "2023.07.11"]
[EventType "swiss (blitz)"]
[EventRounds "11"]
[EventCountry "USA"]
[SourceTitle "EXT 2024"]
[Source "ChessBase"]
[SourceDate "2023.10.10"]
[SourceVersion "1"]
[SourceVersionDate "2023.10.10"]
[SourceQuality "1"]

1. e4 c5 2. Nf3 d6 3. d4 cxd4 4. Nxd4 Nf6 5. Nc3 Nc6 6. f3 e5 7. Nb3 Be6 8. Nd5 Bxd5 9. exd5 Nb8 10. Be3 Be7 11. Qd2 Nbd7 12. c4 0-0 13. Bd3 b6 14. 0-0 Nh5 15. Qc2 g6 16. Nd2 f5 17. Rae1 Bh4 18. Re2 Nc5 19. b4 Nxd3 20. Qxd3 Rc8 21. a4 Bg5 22. Bxg5 Qxg5 23. Qe3 Nf4 24. Kh1 Qh4 25. g3 Qh3 26. gxf4 exf4 27. Qxf4 Rfe8 28. Rfe1 Rxe2 29. Rxe2 b5 30. axb5 Ra8 31. Qxd6 Qh4 32. Qe6+ Kh8 33. Qe5+ Kg8 34. d6 Rc8 35. c5 1-0

[Event "Titled Tuesday intern op 03rd Jan Late"]
[Site "Chess.com INT"]
[Date "2023.01.03"]
[Round "4"]
[White "Khandelwal, Ankush"]
[Black "La Villa Rivas, Marlon Javier"]
[Result "0-1"]
[WhiteElo "2228"]
[BlackElo "2244"]
[PlyCount "74"]
[EventDate "2023.01.03"]
[EventType "swiss (blitz)"]
[EventRounds "11"]
[EventCountry "USA"]
[SourceTitle "EXT 2024"]
[Source "ChessBase"]
[SourceDate "2023.10.10"]
[SourceVersion "1"]
[SourceVersionDate "2023.10.10"]
[SourceQuality "1"]

1. e4 c5 2. Nf3 d6 3. d4 cxd4 4. Nxd4 Nf6 5. Nc3 Nc6 6. Bg5 Bd7 7. Qd2 Rc8 8. 0-0-0 Nxd4 9. Qxd4 Qa5 10. Bxf6 gxf6 11. Kb1 Bg7 12. f4 0-0 13. f5 b5 14. Nd5 Rfe8 15. h4 b4 16. h5 Bh6 17. Rh3 Qc5 18. Rg3+ Kf8 19. Qd3 Bb5 20. Qb3 a5 21. Bxb5 Qxb5 22. Qf3 Qc4 23. c3 bxc3 24. Nxc3 Rb8 25. Rg4 Rec8 26. Qg3 Bg5 27. Rc1 Qb4 28. Rc2 a4 29. e5 Qb6 30. Rxg5 fxg5 31. Qxg5 dxe5 32. h6 Rxc3 33. Qg7+ Ke8 34. Qh8+ Kd7 35. Rd2+ Kc6 36. Qxe5 Qg1+ 37. Rd1 Qxd1# 0-1

[Event "Guillermo Garcia Memorial-B"]
[Site "Santa Clara"]
[Date "2022.05.08"]
[Round "8"]
[White "Garcia Matos, Richard Alejandro"]
[Black "La Villa Rivas, Marlon Javier"]
[Result "1-0"]
[WhiteElo "2330"]
[BlackElo "2275"]
[PlyCount "77"]
[EventDate "2022.04.30"]
[EventType "tourn"]
[EventRounds "9"]
[EventCountry "CUB"]
[EventCategory "3"]
[SourceTitle "CBM 208 Extra"]
[Source "ChessBase"]
[SourceDate "2022.07.31"]
[SourceVersion "1"]
[SourceVersionDate "2022.07.31"]
[SourceQuality "1"]

1. e4 c5 2. Nf3 d6 3. Bb5+ Nd7 4. d4 cxd4 5. Qxd4 Ngf6 6. 0-0 a6 7. Be2 e5 8. Qe3 Be7 9. c4 0-0 10. Nc3 b6 11. Rb1 Bb7 12. b4 Rc8 13. Bb2 Rc7 14. Rbc1 Qa8 15. Bd3 g6 16. Rfe1 Rcc8 17. Nd2 Nh5 18. Nd5 Bd8 19. Be2 Bxd5 20. cxd5 Nf4 21. Rxc8 Qxc8 22. Rc1 Qa8 23. g3 Nxe2+ 24. Qxe2 b5 25. Rc6 Nb8 26. Rxd6 Be7 27. Bxe5 Bxd6 28. Bxd6 Re8 29. Qd3 Nd7 30. Nb3 Qd8 31. Nc5 Nb6 32. Bf4 f5 33. f3 fxe4 34. fxe4 Nc4 35. h4 a5 36. d6 axb4 37. d7 Rf8 38. Qd5+ Kg7 39. Ne6+ 1-0

[Event "Titled Tuesday intern op 01st June"]
[Site "Chess.com INT"]
[Date "2021.06.01"]
[Round "6"]
[White "La Villa Rivas, Marlon Javier"]
[Black "Zaichenko, Daria"]
[Result "1-0"]
[WhiteElo "2252"]
[BlackElo "2104"]
[PlyCount "73"]
[EventDate "2021.06.01"]
[EventType "swiss (blitz)"]
[EventRounds "11"]
[EventCountry "USA"]
[SourceTitle "CBM 202 Extra"]
[Source "ChessBase"]
[SourceDate "2021.07.31"]
[SourceVersion "1"]
[SourceVersionDate "2021.07.31"]
[SourceQuality "1"]

1. e4 c5 2. Nf3 Nc6 3. d4 cxd4 4. Nxd4 Nf6 5. Nc3 d6 6. Bg5 e6 7. Qd2 a6 8. 0-0-0 Bd7 9. f4 Be7 10. Nf3 b5 11. Bxf6 gxf6 12. f5 Qa5 13. fxe6 fxe6 14. Kb1 0-0-0 15. Nd4 Nxd4 16. Qxd4 Kb7 17. Be2 Qb6 18. Qxb6+ Kxb6 19. a3 Rhg8 20. g3 Bc6 21. Rhf1 d5 22. exd5 exd5 23. Bd3 h6 24. Rde1 Rg7 25. Re6 Kc7 26. Rfe1 Rd7 27. Bf5 Rg5 28. g4 Rg7 29. Ne2 Rd6 30. Nd4 Bd8 31. Rxd6 Kxd6 32. Re6+ Kc5 33. Nxc6 Bb6 34. Nb4 Ba5 35. c3 Bxb4 36. axb4+ Kc4 37. Rc6+ 1-0

[Event "Titled Tuesday intern op 25th May"]
[Site "Chess.com INT"]
[Date "2021.05.25"]
[Round "4"]
[White "La Villa Rivas, Marlon Javier"]
[Black "Haitin, Ilja"]
[Result "0-1"]
[WhiteElo "2252"]
[BlackElo "2348"]
[PlyCount "86"]
[EventDate "2021.05.25"]
[EventType "swiss (blitz)"]
[EventRounds "11"]
[EventCountry "USA"]
[SourceTitle "CBM 203 Extra"]
[Source "ChessBase"]
[SourceDate "2021.09.30"]
[SourceVersion "1"]
[SourceVersionDate "2021.09.30"]
[SourceQuality "1"]

1. e4 c5 2. Nf3 Nc6 3. d4 cxd4 4. Nxd4 g6 5. Nc3 Bg7 6. Be3 Nf6 7. Bc4 Qa5 8. Bb3 Nxe4 9. 0-0 Nxc3 10. bxc3 Qxc3 11. Nb5 Qa5 12. Qd5 0-0 13. Bd2 Qd8 14. Bc3 d6 15. Bxg7 Kxg7 16. Nd4 Nxd4 17. Qxd4+ Kg8 18. Rad1 Qb6 19. Qe4 Qc7 20. Rfe1 Re8 21. Re3 Bf5 22. Qf4 e5 23. Qh6 Qe7 24. Rf3 Qf8 25. Qg5 Be6 26. Bxe6 Rxe6 27. Rh3 Qg7 28. Rf1 Rae8 29. g3 f6 30. Qd2 e4 31. Qd5 Qf7 32. Rh4 f5 33. Rb1 b6 34. Rd1 Rf6 35. Qd4 Rc8 36. c3 Re6 37. Rf4 Rc5 38. g4 Qf6 39. Qe3 Rxc3 40. Qd2 Rf3 41. Rxf3 exf3 42. gxf5 Qxf5 43. Qc2 Qxc2 0-1